Statistics for Superbowl's Receiving Yards Leaders who have passed away

Click here to take the quiz!

General Stats

  • This quiz has been taken 7 times
  • The average score is 2 of 5

Answer Stats

YODSBTeamRec. YardsPlayer% Correct
2021XLVIIIDEN118Demaryius Thomas
86%
2011VBAL80John Mackey
29%
20071GBP138Max McGee
29%
2019XVIIILAR94Cliff Branch
14%
2013IIINYJ133George Sauer
14%

Score Distribution

Percentile by Number Answered

Percent of People with Each Score

Your Score History

You have not taken this quiz